[Event "Berlin op 08"]
[Site "Berlin"]
[Date "2006.08.25"]
[Round "7"]
[White "Semme, Lothar"]
[Black "Schmidt, Karsten Ruediger"]
[Result "0-1"]
[WhiteElo "1643"]
[BlackElo "1730"]
[PlyCount "48"]
[EventDate "2006.08.19"]
[EventType "swiss"]
[EventRounds "9"]
[EventCountry "GER"]
[SourceTitle "EXT 2007"]
[Source "ChessBase"]
[SourceDate "2006.11.23"]
[SourceVersion "1"]
[SourceVersionDate "2006.11.23"]
[SourceQuality "1"]

1. d4 Nf6 2. c4 c5 3. d5 d6 4. Qc2 g6 5. Nc3 Bg7 6. e4 0-0 7. f3 e6 8. Nge2 exd5 9. cxd5 Re8 10. g4 a6 11. Ng3 b5 12. Be2 b4 13. Na4 Nfd7 14. Be3 Ne5 15. Rd1 Bd7 16. b3 Bxa4 17. bxa4 Qh4 18. Kd2 Nbd7 19. Kc1 Rec8 20. Qd2 h6 21. a5 c4 22. Bb6 Nd3+ 23. Bxd3 cxd3+ 24. Kb1 Qf6 0-1

[Event "Berlin op 08"]
[Site "Berlin"]
[Date "2006.08.20"]
[Round "2"]
[White "Semme, Lothar"]
[Black "Paris, Gerhard"]
[Result "1-0"]
[WhiteElo "1643"]
[BlackElo "1555"]
[PlyCount "73"]
[EventDate "2006.08.19"]
[EventType "swiss"]
[EventRounds "9"]
[EventCountry "GER"]
[SourceTitle "EXT 2007"]
[Source "ChessBase"]
[SourceDate "2006.11.23"]
[SourceVersion "1"]
[SourceVersionDate "2006.11.23"]
[SourceQuality "1"]

1. d4 Nf6 2. c4 d6 3. Nc3 g6 4. e4 Bg7 5. f3 c6 6. Nge2 a6 7. g4 b5 8. Ng3 Bb7 9. Qb3 Nbd7 10. Be3 e5 11. d5 Nc5 12. Bxc5 dxc5 13. 0-0-0 Qc8 14. Kb1 0-0 15. h4 Nd7 16. h5 Rb8 17. hxg6 fxg6 18. Be2 Rf7 19. dxc6 Bxc6 20. cxb5 axb5 21. Bxb5 Kf8 22. Rd3 Bxb5 23. Nxb5 c4 24. Qa3+ Qc5 25. Rxd7 Qxa3 26. Rxf7+ Kxf7 27. Nxa3 c3 28. b3 Kg8 29. Nc4 Rd8 30. Kc2 Ra8 31. a4 Rf8 32. Rf1 Bh6 33. Ne2 Bg5 34. Nxc3 Bf4 35. Nd5 g5 36. a5 Rb8 37. a6 1-0

[Event "Berlin op 05"]
[Site "Berlin"]
[Date "2006.05.24"]
[Round "1"]
[White "Semme, Lothar"]
[Black "Lutz, Oliver"]
[Result "1-0"]
[WhiteElo "1654"]
[BlackElo "1078"]
[PlyCount "32"]
[EventDate "2006.05.24"]
[EventType "swiss"]
[EventRounds "7"]
[EventCountry "GER"]
[SourceTitle "EXT 2007"]
[Source "ChessBase"]
[SourceDate "2006.11.23"]
[SourceVersion "1"]
[SourceVersionDate "2006.11.23"]
[SourceQuality "1"]

1. d4 d5 2. c4 c6 3. Nc3 Nf6 4. Qc2 Nbd7 5. Bg5 e6 6. Rd1 Be7 7. f3 0-0 8. e4 dxe4 9. fxe4 Ng4 10. Bc1 Bg5 11. Nf3 Be3 12. Bd3 Qf6 13. e5 Qf4 14. Bxh7+ Kh8 15. Ne4 Kxh7 16. Nf6+ Kh6 1-0

[Event "Berlin Eckbauer op 5th"]
[Site "Berlin"]
[Date "2002.11.04"]
[Round "5"]
[White "Doganguzel, Jan"]
[Black "Semme, Lothar"]
[Result "0-1"]
[WhiteElo "1682"]
[BlackElo "1558"]
[PlyCount "104"]
[EventDate "2002.10.??"]
[EventType "swiss"]
[EventRounds "7"]
[EventCountry "GER"]
[SourceTitle "EXT 2005"]
[Source "ChessBase"]
[SourceDate "2004.11.15"]
[SourceVersion "1"]
[SourceVersionDate "2004.11.15"]
[SourceQuality "1"]

1. d4 Nf6 2. e3 g6 3. Bd3 Bg7 4. f4 d6 5. Nf3 Nc6 6. c3 e5 7. fxe5 dxe5 8. Bb5 e4 9. Ne5 Bd7 10. Nxd7 Qxd7 11. 0-0 0-0 12. Nd2 Rae8 13. b3 Nd5 14. Nb1 f5 15. Qe1 a6 16. Bc4 b5 17. Bxd5+ Qxd5 18. Ba3 Rf7 19. Nd2 Qd8 20. Rd1 Qg5 21. Bc1 Nd8 22. Qg3 Qxg3 23. hxg3 c5 24. dxc5 Bxc3 25. Nb1 Be5 26. Kf2 Nc6 27. Bd2 Rd7 28. Bc3 Red8 29. Bxe5 Rxd1 30. Bd6 Rxf1+ 31. Kxf1 Kf7 32. Ke2 Ke6 33. Nc3 g5 34. g4 Ne5 35. gxf5+ Kxf5 36. Nd5 Nc6 37. a3 h5 38. Nc7 h4 39. a4 bxa4 40. bxa4 a5 41. Nd5 Rd7 42. Kf2 Rb7 43. Nb6 Kg4 44. Ke2 h3 45. gxh3+ Kxh3 46. Kf2 g4 47. Nd5 g3+ 48. Bxg3 Rb2+ 49. Ke1 Kxg3 50. Nc3 Kf3 51. Nd5 Re2+ 52. Kd1 Rxe3 0-1

[Event "Berlin Kreuzberg op 3th"]
[Site "Berlin"]
[Date "2002.07.14"]
[Round "9"]
[White "Bornschein, Burkhard"]
[Black "Semme, Lothar"]
[Result "1-0"]
[WhiteElo "2002"]
[BlackElo "1560"]
[PlyCount "39"]
[EventDate "2002.07.06"]
[EventType "swiss"]
[EventRounds "9"]
[EventCountry "GER"]
[SourceTitle "EXT 2022"]
[Source "ChessBase"]
[SourceDate "2021.10.06"]
[SourceVersion "1"]
[SourceVersionDate "2021.10.06"]
[SourceQuality "1"]

1. d4 Nf6 2. c4 g6 3. Nc3 Bg7 4. e4 d6 5. f3 0-0 6. Be3 Na6 7. Qd2 Re8 8. Rd1 Nd7 9. Nge2 c5 10. dxc5 dxc5 11. Nc1 e6 12. Nb5 Qf6 13. Nd6 Rd8 14. Bg5 Qxb2 15. Qxb2 Bxb2 16. Bxd8 Bc3+ 17. Ke2 Nb4 18. Ba5 Ne5 19. Nb5 Bd4 20. Bxb4 1-0

[Event "Berlin Kreuzberg op 3th"]
[Site "Berlin"]
[Date "2002.07.07"]
[Round "2"]
[White "Semme, Lothar"]
[Black "Ulziibat, Bat Ochir"]
[Result "0-1"]
[WhiteElo "1560"]
[BlackElo "1847"]
[PlyCount "70"]
[EventDate "2002.07.06"]
[EventType "swiss"]
[EventRounds "9"]
[EventCountry "GER"]
[SourceTitle "EXT 2022"]
[Source "ChessBase"]
[SourceDate "2021.10.06"]
[SourceVersion "1"]
[SourceVersionDate "2021.10.06"]
[SourceQuality "1"]

1. d4 e6 2. c4 b6 3. Nc3 Bb7 4. e4 d6 5. Bd3 Nd7 6. Be3 c5 7. d5 Ne5 8. Nf3 Nxd3+ 9. Qxd3 Nf6 10. h3 e5 11. 0-0 Be7 12. Rae1 Ba6 13. Nd2 Nh5 14. b3 g5 15. Ne2 Nf4 16. Bxf4 gxf4 17. Nf3 Bc8 18. Kh2 Bh4 19. g3 Qd7 20. Nxh4 Qxh3+ 21. Kg1 Rg8 22. Nf5 Bxf5 23. exf5 0-0-0 24. Qf3 Qxf5 25. Kh2 Rg4 26. Ng1 e4 27. Qg2 f3 28. Qh3 Rdg8 29. Qh6 R8g5 30. Qxd6 Rh5+ 31. Nh3 Rxh3+ 32. Kg1 Rg6 33. Qf8+ Kd7 34. Qb8 Rh1+ 35. Kxh1 Qh3+ 0-1

[Event "Berlin Eckbauer op 4th"]
[Site "Berlin"]
[Date "2001.11.05"]
[Round "6"]
[White "Semme, Lothar"]
[Black "Zoellner, Rainer"]
[Result "0-1"]
[WhiteElo "1558"]
[BlackElo "1692"]
[PlyCount "74"]
[EventDate "2001.10.??"]
[EventType "swiss"]
[EventRounds "7"]
[EventCountry "GER"]
[SourceTitle "EXT 2005"]
[Source "ChessBase"]
[SourceDate "2004.11.15"]
[SourceVersion "1"]
[SourceVersionDate "2004.11.15"]
[SourceQuality "1"]

1. d4 e6 2. e4 d5 3. Nc3 Bb4 4. e5 c5 5. Qg4 Ne7 6. a3 Ba5 7. dxc5 Bxc3+ 8. bxc3 Ng6 9. Bd3 Nc6 10. f4 Qa5 11. Bd2 Qxc5 12. Nf3 Bd7 13. h4 0-0-0 14. Qg3 Na5 15. Qf2 Qxf2+ 16. Kxf2 Nc4 17. Be3 Nxe3 18. Kxe3 Ne7 19. Nd4 a6 20. h5 Nc6 21. g4 h6 22. Nxc6 Bxc6 23. Kd4 Kc7 24. Rhf1 Rhf8 25. f5 Bd7 26. f6 Rg8 27. Rf4 gxf6 28. Rxf6 Rxg4+ 29. Ke3 Rg5 30. Rxh6 Rxe5+ 31. Kf4 Kd6 32. Rh1 Rg8 33. Rf6 Reg5 34. h6 Ke7 35. Rxe6+ Bxe6 36. h7 Rg4+ 37. Kf3 Rh8 0-1